Consideration of miscellaneous bills and resolutions : markup before the Committee on International Relations, House of Representatives, One Hundred Fourth Congress, first session, on H.J. Res. 83, H. Res. 178, H. Con. Res. 42, and H. Res. 158, June 29 and July 19, 1995.

Bibliographic Details
Corporate Authors: United States. Congress. House. Committee on International Relations, ProQuest (Firm)
Format: Government Document eBook
Language:English
Published: Washington : U.S. G.P.O. : 1995.
Series:U.S. Congressional Hearings.
Subjects:
Online Access:Connect to the full text of this electronic book

MARC

Tag First Indicator Second Indicator Subfields
LEADER 00000cam a22000001a 4500
001 in00003255821
005 20190404191510.0
006 m d f
007 cr bn mmmapmmp
008 091024s1995 dcu o f000 0 eng d
035 |a cis2007464854 
040 |a UMI  |c UMI  |d UtOrBLW 
043 |a n-us--- 
074 |a 1017-A-01 
074 |a 1017-B-01 (MF) 
086 0 |a Y 4.IN 8/16:B 49 
099 |a HRG-1995-HIR-0053 
110 1 |a United States.  |b Congress.  |b House.  |b Committee on International Relations. 
245 1 0 |a Consideration of miscellaneous bills and resolutions :  |b markup before the Committee on International Relations, House of Representatives, One Hundred Fourth Congress, first session, on H.J. Res. 83, H. Res. 178, H. Con. Res. 42, and H. Res. 158, June 29 and July 19, 1995. 
264 1 |a Washington :  |b U.S. G.P.O. :  |c 1995. 
264 2 |a Washington :  |b For sale by the U.S. G.P.O., Supt. of Docs., Congressional Sales Office, 
300 |a 1 online resource. 
336 |a text  |b txt  |2 rdacontent 
337 |a computer  |b c  |2 rdamedia 
338 |a online resource  |b cr  |2 rdacarrier 
500 |a Record is based on bibliographic data in ProQuest Congressional Hearings Digital Collection. Reuse except for individual research requires license from ProQuest, LLC. 
538 |a System requirements: PDF reader software. 
500 |a Electronic resource. 
610 1 0 |a United States.  |b Congress.  |b House  |v Resolutions. 
650 0 |a Bills, Legislative  |z United States. 
650 0 |a Resolutions, Legislative  |z United States. 
651 0 |a United States  |x Foreign relations  |x Law and legislation. 
655 7 |a Electronic books.  |2 local 
710 2 |a ProQuest (Firm) 
776 0 8 |i Print version:  |a United States. Congress. House. Committee on International Relations.  |t Consideration of miscellaneous bills and resolutions  |w (OCoLC)33254460  |w (DGPO)96060214 
776 0 8 |i Microfiche version:  |a United States. Congress. House. Committee on International Relations.  |t Consideration of miscellaneous bills and resolutions .  |d [Bethesda, Md.] : ProQuest,[2004]  |o CIS 95 H461-41  |w (ProQuest)cis09500703 
830 0 |a U.S. Congressional Hearings. 
856 4 0 |u http://proxy.library.tamu.edu/login?url=http://congressional.proquest.com/congcomp/getdoc?HEARING-ID=HRG-1995-HIR-0053  |z Connect to the full text of this electronic book  |t 0 
998 |a cis09500703 
999 |a MARS 
999 f f |s 64eabea7-9335-3928-adb1-6a44b42940ed  |i fd4fa626-e339-3b74-ac7a-1027c53e8df7  |t 0 
952 f f |a Texas A&M University  |b College Station  |c Electronic Resources  |d Available Online  |t 0  |e HRG-1995-HIR-0053  |h Other scheme 
998 f f |a HRG-1995-HIR-0053  |t 0  |l Available Online